Un amico di Marcel Proust
Gardado en:
| Autor Principal: | |
|---|---|
| Formato: | Libro |
| Idioma: | lingua descoñecida ou non válida |
| Publicado: |
Parma
Guanda
2005
|
| Tags: |
Sen Etiquetas, Sexa o primeiro en etiquetar este rexistro!
|
MARC
| LEADER | 00000nam a2200000Ia 4500 | ||
|---|---|---|---|
| 001 | 513 | ||
| 003 | NUMERAZIONE-ORIGINALE-BRESCIA | ||
| 005 | 20260225172518.0 | ||
| 008 | 260206s9999 xx 000 0 und d | ||
| 040 | |c arcigay brescia | ||
| 100 | |a Besson Philippe | ||
| 245 | 0 | |a Un amico di Marcel Proust | |
| 260 | |a Parma |b Guanda |c 2005 | ||
| 500 | |a Narratori della Fenice | ||
| 942 | |2 ddc |c BK |n 0 | ||
| 952 | |0 0 |1 0 |2 ddc |4 0 |6 11 |7 0 |9 28635 |a BS |b BS |d 2026-02-06 |i 513 |l 0 |o 1-1-* |r 2026-02-06 22:40:39 |w 2026-02-06 |x [REVISIONARE] |y BK | ||
| 999 | |c 24293 |d 24293 | ||